00676nam a2200277Ia 4500008004100000020001800041050001400059100001600073245001200089245002100101245004500122260002500167260001600192260000900208300001400217300001400231300001000245500000800255650002600263650002400289650001600313650002100329650001900350700001800369700001100387180803s9999 xx 000 0 und d a9780531071663 bH678 1996 aHo, Minfong 0aHush! : 2ba Thai lullaby / 0cby Minfong Ho ; pictures by Holly Meade. aBroadway, New York : bScholastic, c1996 aunpaged : bcolored ; c26cm. a600 aLullabies, English -- aLullabies, English. aThailand -- xJuvenile poetry. xUnited States. aMeade, Holly. aTitle.